|
|
|
|
| LEADER |
01531nam a2200241 4500 |
| 001 |
10111625 |
| 003 |
GR-PaULI |
| 005 |
20210117210604.0 |
| 008 |
140206s1937 gr gre |
| 040 |
|
|
|a GR-PaULI
|e AACR2
|c GR-PaULI
|b gre
|
| 082 |
0 |
4 |
|a 781.711 9
|2 23
|
| 245 |
1 |
0 |
|a Μουσικός Πανδέκτης :
|b ήτοι πλήρης συλλογή των εκλεκτότερων μουσικών μαθημάτων, των εν ταις πρωιναίς και εσπαιριναίς ακολουθίαις της εκκλησίας ψαλλόμενων ( πλην όσων περιέχει το αναστασιματάριον ), μετά πολλής επιμέλειας καταρτισθείσα, προς χρήσιν των την ιεράν υμνωδίαν εν τω ναώ ασκούντων και παντός φιλομούσου.
|c
|
| 250 |
|
|
|a 2η έκδ.
|
| 260 |
|
|
|a Αθήναι :
|b Ζωή,
|c 1937
|
| 300 |
|
|
|a 6 τ. ;
|c 23 εκ.
|
| 500 |
|
|
|a τ. 6. - 363 σ.
|
| 505 |
|
|
|a τ. 6. Μηνολόγιον Μέρος Β' (Σεπτέμβριος-Δεκέμβριος).
|
| 650 |
|
4 |
|a Εκκλησιαστική μουσική
|9 133243
|
| 650 |
|
4 |
|a Μουσική, Βυζαντινή
|9 53687
|
| 942 |
|
|
|2 ddc
|c BK15
|
| 952 |
|
|
|0 0
|1 0
|2 ddc
|3 τ.6
|4 0
|6 781_711000000000000_9_ΜΟΥ
|7 0
|9 221004
|a LISP
|b LISP
|c BSC
|d 2018-03-20
|i 22642
|l 0
|o 781.711 9 ΜΟΥ
|p 025000256340
|r 2018-03-20 00:00:00
|t 1
|v 2018.00
|w 2018-03-20
|y BK15
|
| 998 |
|
|
|c ΜΠΟΥΡΑΣ
|d 2018-03
|
| 999 |
|
|
|c 133507
|d 133507
|